| 000 | 00631nam a2200217 i 4500 | ||
|---|---|---|---|
| 001 | 59980 | ||
| 003 | ES-MaACL | ||
| 005 | 20250827062605.0 | ||
| 007 | t| | ||
| 008 | 031031s1985 sp ||||1| spa d | ||
| 020 | _a84-369-1210-0 | ||
| 110 | 1 |
_aEspaña _93622 |
|
| 240 | 1 | 0 | _aLeyes, etc. |
| 245 | 1 | 3 |
_aLa Educación y el proceso autonómico _b: textos legales y jurisprudenciales. |
| 260 |
_aMadrid : _bDirección General de Coordinación y de la Alta Inspección, _c1985. |
||
| 300 |
_a455 p. ; _c25 cm. |
||
| 500 | _aIndice. | ||
| 740 | 0 | _aLeyes, etc. | |
| 852 |
_aES-MaACL _jL-8783 _bR.110392 |
||
| 999 |
_c59980 _d59980 |
||